Teoría y problemas de Análisis Numérico / (Record no. 139530)

MARC details
000 -LEADER
campo de control de longitud fija 00742nam a2200217 4500
001 - NÚMERO DE CONTROL
campo de control 139530
003 - IDENTIFICADOR DE NÚMERO DE CONTROL
campo de control ES-MaACL
007 - CAMPO FIJO DE DESCRIPCIÓN FÍSICA--INFORMACIÓN GENERAL
campo de control de longitud fija t|
008 - DATOS DE LONGITUD FIJA--INFORMACIÓN GENERAL
campo de control de longitud fija 070214s1972 mx r ||||1| spa d
100 1# - ENTRADA PRINCIPAL--NOMBRE DE PERSONA
Nombre de persona Scheid, Francis.
9 (RLIN) 104273
245 10 - MENCIÓN DEL TÍTULO
Título Teoría y problemas de Análisis Numérico /
Mención de responsabilidad, etc. por Francis Scheid ; traducción y adaptación, Hernando Alfonso Castillo.
260 ## - PUBLICACIÓN, DISTRIBUCIÓN, ETC.
Lugar de publicación, distribución, etc. México [etc.] :
Nombre del editor, distribuidor, etc. McGraw-Hill :
-- La Colina,
Fecha de publicación, distribución, etc. 1972.
300 ## - DESCRIPCIÓN FÍSICA
Extensión 422 p. :
Otras características físicas il. ;
Dimensiones 28 cm.
490 1# - MENCIÓN DE SERIE
Mención de serie Compendios Schaum
500 ## - NOTA GENERAL
Nota general Tít. orig.: Numerical Analysis.
700 1# - ENTRADA AGREGADA--NOMBRE PERSONAL
Nombre de persona Castillo, Hernando Alfonso.
9 (RLIN) 36689
740 0# - ENTRADA AGREGADA--TÍTULO RELACIONADO/ANALÍTICO NO CONTROLADO
Título relacionado o analítico no controlado Numerical Analysis.
830 0# - PUNTO DE ACCESO ADICIONAL DE SERIE-TÍTULO UNIFORME
Título uniforme Compendios Schaum
9 (RLIN) 187129
852 ## - LOCALIZACIÓN
Ubicación ES-MaACL
Número de control de estantería E-5819
Sublocalización o colección R.90074
Holdings
Estatus retirado Estado de pérdida Estado de daño No para préstamo Biblioteca de origen Biblioteca actual Ubicación en estantería Fecha de adquisición Fuente de adquisición Total de préstamos Signatura topográfica completa Código de barras Visto por última vez Precio de reemplazo Tipo de ítem Koha
        Biblioteca del Ateneo de Madrid Biblioteca del Ateneo de Madrid Depósito 2 17/01/2008     E-5819 1145203 23/02/2023 23/02/2023 Libro impreso